000
00266nam a22001217a 4500
008
181101b xxu||||| |||| 00| 0 eng d
041
_a
eng
080
_2
16 th
_a
821
100
_a
24
101
_a
gju
245
_a
The Merick Manual
_c
Bondy.P.K
942
_2
udc
_c
BK
999
_c
51470
_d
51470